<?xml version="1.0" encoding="UTF-8"?>
<record
    xmlns:xsi="http://www.w3.org/2001/XMLSchema-instance"
    xsi:schemaLocation="http://www.loc.gov/MARC21/slim http://www.loc.gov/standards/marcxml/schema/MARC21slim.xsd"
    xmlns="http://www.loc.gov/MARC21/slim">

  <leader>02107nam a22003497a 4500</leader>
  <controlfield tag="005">2009080405165.0</controlfield>
  <controlfield tag="008">090728t        xxu||||| |||| 00| 0 pun d</controlfield>
  <datafield tag="010" ind1=" " ind2=" ">
    <subfield code="a">PUN-7284    B-465000-004</subfield>
  </datafield>
  <datafield tag="020" ind1=" " ind2=" ">
    <subfield code="c">180.00</subfield>
    <subfield code="a">9788173292606</subfield>
  </datafield>
  <datafield tag="035" ind1=" " ind2=" ">
    <subfield code="a">PN-6402       B-465000-004</subfield>
  </datafield>
  <datafield tag="037" ind1=" " ind2=" ">
    <subfield code="b">DBAD / PUB</subfield>
  </datafield>
  <datafield tag="037" ind1=" " ind2=" ">
    <subfield code="b">RBC/Vender</subfield>
  </datafield>
  <datafield tag="040" ind1=" " ind2=" ">
    <subfield code="a">dpl</subfield>
    <subfield code="b">PN</subfield>
  </datafield>
  <datafield tag="082" ind1=" " ind2=" ">
    <subfield code="a">852</subfield>
  </datafield>
  <datafield tag="100" ind1=" " ind2=" ">
    <subfield code="9">37323</subfield>
    <subfield code="a">&#xA38;&#xA3F;&#xA71;&#xA27;&#xA42;,&#xA1A;&#xA30;&#xA28; &#xA38;&#xA3F;&#xA70;&#xA18; </subfield>
  </datafield>
  <datafield tag="245" ind1=" " ind2=" ">
    <subfield code="a">&#xA17;&#xA3C;&#xA32;&#xA3F;&#xA2C; &#xA0F; &#xA06;&#xA1C;&#xA3C;&#xA2E;/ </subfield>
    <subfield code="c">&#xA1A;&#xA30;&#xA28; &#xA38;&#xA3F;&#xA70;&#xA18; &#xA38;&#xA3F;&#xA71;&#xA27;&#xA42;</subfield>
  </datafield>
  <datafield tag="246" ind1=" " ind2=" ">
    <subfield code="a">Ghalib-E-Azam</subfield>
    <subfield code="b">by Charan Singh Sidhu</subfield>
  </datafield>
  <datafield tag="260" ind1=" " ind2=" ">
    <subfield code="a">&#xA26;&#xA3F;&#xA71;&#xA32;&#xA40;</subfield>
    <subfield code="b">&#xA38;&#xA3C;&#xA3F;&#xA32;&#xA3E;&#xA32;&#xA47;&#xA16;</subfield>
    <subfield code="c">2011</subfield>
  </datafield>
  <datafield tag="270" ind1=" " ind2=" ">
    <subfield code="a">4/32,Subhash Gali,Vishwas Nagar</subfield>
    <subfield code="b">Delhi</subfield>
    <subfield code="k">011-22303184</subfield>
    <subfield code="e">110032</subfield>
  </datafield>
  <datafield tag="300" ind1=" " ind2=" ">
    <subfield code="a">96&#xA38;&#xA2B;&#xA47;</subfield>
    <subfield code="b">22 &#xA38;&#xA47;&#xA02;&#xA2E;&#xA40; (&#xA38;&#xA1C;&#xA3F;&#xA32;&#xA26;)</subfield>
  </datafield>
  <datafield tag="650" ind1=" " ind2=" ">
    <subfield code="9">37324</subfield>
  </datafield>
  <datafield tag="650" ind1=" " ind2=" ">
    <subfield code="9">37325</subfield>
  </datafield>
  <datafield tag="700" ind1=" " ind2=" ">
    <subfield code="9">37326</subfield>
  </datafield>
  <datafield tag="942" ind1=" " ind2=" ">
    <subfield code="2">ddc</subfield>
    <subfield code="c">PN</subfield>
    <subfield code="h">852</subfield>
    <subfield code="m">&#xA38;&#xA3F;&#xA71;&#xA27;&#xA42;&#xA1A;</subfield>
  </datafield>
  <datafield tag="999" ind1=" " ind2=" ">
    <subfield code="c">60032</subfield>
    <subfield code="d">60032</subfield>
  </datafield>
  <datafield tag="952" ind1=" " ind2=" ">
    <subfield code="0">0</subfield>
    <subfield code="1">0</subfield>
    <subfield code="2">ddc</subfield>
    <subfield code="4">0</subfield>
    <subfield code="7">0</subfield>
    <subfield code="8">NFIC</subfield>
    <subfield code="a">DBAD</subfield>
    <subfield code="b">DBAD</subfield>
    <subfield code="d">2011-12-27</subfield>
    <subfield code="e">DBAD/PUB</subfield>
    <subfield code="g">180.00</subfield>
    <subfield code="l">0</subfield>
    <subfield code="o">852 &#xA38;&#xA3F;&#xA71;&#xA27;&#xA42;&#xA1A;</subfield>
    <subfield code="p">PN-6402</subfield>
    <subfield code="r">2011-12-27 00:00:00</subfield>
    <subfield code="t">1</subfield>
    <subfield code="v">180.00</subfield>
    <subfield code="w">2011-12-27</subfield>
    <subfield code="y">PN</subfield>
  </datafield>
  <datafield tag="952" ind1=" " ind2=" ">
    <subfield code="0">0</subfield>
    <subfield code="1">0</subfield>
    <subfield code="2">ddc</subfield>
    <subfield code="4">0</subfield>
    <subfield code="7">0</subfield>
    <subfield code="8">NFIC</subfield>
    <subfield code="a">L</subfield>
    <subfield code="b">L</subfield>
    <subfield code="d">2012-06-07</subfield>
    <subfield code="e">RBC/7/17.2.12/27797/3.3.12/29.3.12</subfield>
    <subfield code="g">180.00</subfield>
    <subfield code="l">0</subfield>
    <subfield code="o">852 &#xA38;&#xA3F;&#xA71;&#xA27;&#xA42;&#xA1A;</subfield>
    <subfield code="p">B-465000</subfield>
    <subfield code="r">2012-06-07 00:00:00</subfield>
    <subfield code="t">1</subfield>
    <subfield code="v">180.00</subfield>
    <subfield code="w">2012-06-07</subfield>
    <subfield code="y">PN</subfield>
  </datafield>
  <datafield tag="952" ind1=" " ind2=" ">
    <subfield code="0">0</subfield>
    <subfield code="1">0</subfield>
    <subfield code="2">ddc</subfield>
    <subfield code="4">0</subfield>
    <subfield code="7">0</subfield>
    <subfield code="8">NFIC</subfield>
    <subfield code="a">M</subfield>
    <subfield code="b">M</subfield>
    <subfield code="d">2012-06-07</subfield>
    <subfield code="e">RBC/7/17.2.12/27797/3.3.12/29.3.12</subfield>
    <subfield code="g">180.00</subfield>
    <subfield code="l">0</subfield>
    <subfield code="o">852 &#xA38;&#xA3F;&#xA71;&#xA27;&#xA42;&#xA1A;</subfield>
    <subfield code="p">B-465001</subfield>
    <subfield code="r">2012-06-07 00:00:00</subfield>
    <subfield code="t">1</subfield>
    <subfield code="v">180.00</subfield>
    <subfield code="w">2012-06-07</subfield>
    <subfield code="y">PN</subfield>
  </datafield>
  <datafield tag="952" ind1=" " ind2=" ">
    <subfield code="0">0</subfield>
    <subfield code="1">0</subfield>
    <subfield code="2">ddc</subfield>
    <subfield code="4">0</subfield>
    <subfield code="7">0</subfield>
    <subfield code="8">NFIC</subfield>
    <subfield code="a">M</subfield>
    <subfield code="b">M</subfield>
    <subfield code="d">2012-06-07</subfield>
    <subfield code="e">RBC/7/17.2.12/27797/3.3.12/29.3.12</subfield>
    <subfield code="g">180.00</subfield>
    <subfield code="l">0</subfield>
    <subfield code="o">852 &#xA38;&#xA3F;&#xA71;&#xA27;&#xA42;&#xA1A;</subfield>
    <subfield code="p">B-465002</subfield>
    <subfield code="r">2012-06-07 00:00:00</subfield>
    <subfield code="t">1</subfield>
    <subfield code="v">180.00</subfield>
    <subfield code="w">2012-06-07</subfield>
    <subfield code="y">PN</subfield>
  </datafield>
  <datafield tag="952" ind1=" " ind2=" ">
    <subfield code="0">0</subfield>
    <subfield code="1">0</subfield>
    <subfield code="2">ddc</subfield>
    <subfield code="4">0</subfield>
    <subfield code="7">0</subfield>
    <subfield code="8">NFIC</subfield>
    <subfield code="a">JP</subfield>
    <subfield code="b">JP</subfield>
    <subfield code="d">2012-06-07</subfield>
    <subfield code="e">RBC/7/17.2.12/27797/3.3.12/29.3.12</subfield>
    <subfield code="g">180.00</subfield>
    <subfield code="l">4</subfield>
    <subfield code="o">852 &#xA38;&#xA3F;&#xA71;&#xA27;&#xA42;&#xA1A;</subfield>
    <subfield code="p">B-465003</subfield>
    <subfield code="r">2025-11-20 00:00:00</subfield>
    <subfield code="s">2025-11-08</subfield>
    <subfield code="t">1</subfield>
    <subfield code="v">180.00</subfield>
    <subfield code="w">2012-06-07</subfield>
    <subfield code="y">PN</subfield>
  </datafield>
  <datafield tag="952" ind1=" " ind2=" ">
    <subfield code="0">0</subfield>
    <subfield code="1">0</subfield>
    <subfield code="2">ddc</subfield>
    <subfield code="4">0</subfield>
    <subfield code="7">0</subfield>
    <subfield code="8">NFIC</subfield>
    <subfield code="a">VP</subfield>
    <subfield code="b">VP</subfield>
    <subfield code="d">2012-06-07</subfield>
    <subfield code="e">RBC/7/17.2.12/27797/3.3.12/29.3.12</subfield>
    <subfield code="g">180.00</subfield>
    <subfield code="l">1</subfield>
    <subfield code="o">852 &#xA38;&#xA3F;&#xA71;&#xA27;&#xA42;&#xA1A;</subfield>
    <subfield code="p">B-465004</subfield>
    <subfield code="r">2019-02-14 00:00:00</subfield>
    <subfield code="s">2019-01-31</subfield>
    <subfield code="t">1</subfield>
    <subfield code="v">180.00</subfield>
    <subfield code="w">2012-06-07</subfield>
    <subfield code="y">PN</subfield>
  </datafield>
</record>
